[Event "NOR-chT Elite 2324"]
[Site "Norway"]
[Date "2024.03.09"]
[Round "8.34"]
[White "Gullaksen, Eirik Tvedt"]
[Black "Sahl, Bjarke"]
[Result "1/2-1/2"]
[WhiteElo "2321"]
[BlackElo "2223"]
[PlyCount "52"]
[EventDate "2023.10.27"]
[EventType "team-tourn"]
[EventRounds "9"]
[EventCountry "NOR"]
[SourceTitle "CB16_2024"]
[SourceDate "2024.04.17"]
[SourceVersion "1"]
[SourceVersionDate "2024.04.17"]
[SourceQuality "1"]
[WhiteTeam "Bergens"]
[BlackTeam "Asker"]
[WhiteTeamCountry "NOR"]
[BlackTeamCountry "NOR"]

1. e4 e5 2. Nf3 Nc6 3. Bb5 a6 4. Ba4 Nf6 5. 0-0 Be7 6. Bxc6 dxc6 7. Re1 Nd7 8. b3 Nf8 9. Bb2 f6 10. d4 exd4 11. Nxd4 Ne6 12. Nf5 Qxd1 13. Rxd1 Kf7 14. Nd2 Bf8 15. Nc4 g6 16. Nfe3 Be7 17. e5 f5 18. Nd6+ cxd6 19. exd6 Bf6 20. Bxf6 Kxf6 21. d7 Rd8 22. dxc8Q Raxc8 23. Kf1 b5 24. c3 h5 25. f3 Rxd1+ 26. Rxd1 Rd8 1/2-1/2

[Event "NOR-chT Elite 2324"]
[Site "Norway"]
[Date "2024.02.04"]
[Round "6.43"]
[White "Sahl, Bjarke"]
[Black "Haldorsen, Benjamin"]
[Result "1/2-1/2"]
[WhiteElo "2216"]
[BlackElo "2427"]
[PlyCount "91"]
[EventDate "2023.10.27"]
[EventType "team-tourn"]
[EventRounds "9"]
[EventCountry "NOR"]
[SourceTitle "CB16_2024"]
[SourceDate "2024.04.17"]
[SourceVersion "1"]
[SourceVersionDate "2024.04.17"]
[SourceQuality "1"]
[WhiteTeam "Asker"]
[BlackTeam "Offerspill"]
[WhiteTeamCountry "NOR"]
[BlackTeamCountry "NOR"]

1. Nf3 Nf6 2. c4 b6 3. g3 Bb7 4. Bg2 g6 5. d4 Bg7 6. 0-0 0-0 7. Nc3 Ne4 8. Qd3 Nxc3 9. Qxc3 c5 10. Be3 Nc6 11. Qd2 cxd4 12. Nxd4 Qc8 13. Nxc6 Bxc6 14. Rac1 Bxg2 15. Kxg2 Qb7+ 16. Kg1 Rfc8 17. Rfd1 d6 18. b3 a6 19. Qd5 Rc6 20. Rc2 Rac8 21. a4 h5 22. h4 R6c7 23. Ra2 Qxd5 24. Rxd5 Rb7 25. f4 Rc6 26. Kf2 e6 27. Rd3 Kf8 28. Bd2 Ke7 29. Bb4 f5 30. Rad2 Rd7 31. Kf3 Bf8 32. e4 fxe4+ 33. Kxe4 Kf7 34. Kf3 Be7 35. Rd1 Bf8 36. g4 hxg4+ 37. Kxg4 b5 38. cxb5 axb5 39. axb5 Rb6 40. Bc5 Rxb5 41. Bxd6 Rxd6 42. Rxd6 Bxd6 43. Rxd6 Rxb3 44. Ra6 Kf6 45. Ra5 Rb1 46. h5 1/2-1/2

[Event "NOR-chT Elite 2324"]
[Site "Norway"]
[Date "2023.10.29"]
[Round "3.13"]
[White "Sahl, Bjarke"]
[Black "Ingebretsen, Jens E"]
[Result "1-0"]
[WhiteElo "2247"]
[BlackElo "2408"]
[PlyCount "120"]
[EventDate "2023.10.27"]
[EventType "team-tourn"]
[EventRounds "9"]
[EventCountry "NOR"]
[SourceTitle "Mega2024 Update 01"]
[Source "Chessbase"]
[SourceDate "2023.11.12"]
[SourceVersion "1"]
[SourceVersionDate "2023.11.12"]
[SourceQuality "1"]
[WhiteTeam "Asker"]
[BlackTeam "OSS"]
[WhiteTeamCountry "NOR"]
[BlackTeamCountry "NOR"]

1. e4 c5 2. Nf3 Nc6 3. c3 Nf6 4. e5 Nd5 5. g3 d6 6. exd6 Bg4 7. Bg2 e6 8. Qa4 Bxf3 9. Bxf3 Bxd6 10. 0-0 Qf6 11. Bxd5 exd5 12. d4 cxd4 13. cxd4 Qxd4 14. Qxd4 Nxd4 15. Nc3 Nc2 16. Rb1 d4 17. Rd1 0-0 18. Ne2 Be5 19. Bd2 Rfd8 20. Nc1 Rac8 21. Nd3 Bf6 22. h4 h5 23. a3 Rc6 24. Bf4 b5 25. Bd2 Rdc8 26. Rbc1 Bd8 27. Ne5 Re6 28. Nd3 a5 29. Nf4 Re5 30. Nd3 Rd5 31. Nf4 Rf5 32. Re1 Kf8 33. Re2 Rfc5 34. Nd3 R5c6 35. Re5 Rb8 36. Rxh5 g6 37. Rd5 Rbc8 38. Rxb5 a4 39. h5 gxh5 40. Rxh5 Kg7 41. Rb5 Rc4 42. Rb7 Bf6 43. g4 Kg6 44. Rb6 Kg7 45. Kf1 R8c7 46. Rb5 Rc8 47. Ke2 Be7 48. Rb7 Bd6 49. Kd1 R8c6 50. Rd7 Bb8 51. Re7 Bd6 52. Re2 Bc7 53. Bg5 Kg6 54. Be7 Ne3+ 55. fxe3 Rxc1+ 56. Nxc1 dxe3 57. Rxe3 Rc4 58. Rc3 Rd4+ 59. Kc2 Be5 60. Rc6+ f6 1-0

[Event "Copenhagen CC IM"]
[Site "Ballerup"]
[Date "2023.08.27"]
[Round "8"]
[White "Nielsen, Viktor Haarmark"]
[Black "Sahl, Bjarke"]
[Result "1-0"]
[WhiteElo "2345"]
[BlackElo "2226"]
[PlyCount "49"]
[EventDate "2023.08.23"]
[EventType "tourn"]
[EventRounds "9"]
[EventCountry "DEN"]
[EventCategory "3"]
[SourceTitle "EXT 2024"]
[Source "ChessBase"]
[SourceDate "2023.10.10"]
[SourceVersion "1"]
[SourceVersionDate "2023.10.10"]
[SourceQuality "1"]

1. d4 Nf6 2. c4 e6 3. Nf3 d5 4. g3 Bb4+ 5. Nbd2 0-0 6. Bg2 a5 7. 0-0 b6 8. cxd5 exd5 9. a3 Be7 10. Nb1 c5 11. Nc3 Nc6 12. Bf4 Ba6 13. Re1 Ne4 14. Nxe4 dxe4 15. Ne5 Nxd4 16. Bxe4 Nxe2+ 17. Kh1 Nxf4 18. Nc6 Qxd1 19. Nxe7+ Kh8 20. Raxd1 Rae8 21. Bc6 Be2 22. Bxe8 Bf3+ 23. Kg1 Nh3+ 24. Kf1 Bxd1 25. Bd7 1-0

[Event "Titled Tuesday intern op 11th Apr Late"]
[Site "Chess.com INT"]
[Date "2023.04.11"]
[Round "1"]
[White "Sahl, Bjarke"]
[Black "Haydon, David Leslie"]
[Result "0-1"]
[WhiteElo "2240"]
[BlackElo "2282"]
[PlyCount "40"]
[EventDate "2023.04.11"]
[EventType "swiss (blitz)"]
[EventRounds "11"]
[EventCountry "USA"]
[SourceTitle "CBM 213 Extra"]
[Source "ChessBase"]
[SourceDate "2023.05.31"]
[SourceVersion "1"]
[SourceVersionDate "2023.05.31"]
[SourceQuality "1"]

1. Nc3 Nf6 2. e4 d5 3. e5 Ne4 4. d3 Nxc3 5. bxc3 c5 6. Nf3 Nc6 7. Be2 Bg4 8. d4 e6 9. 0-0 Qb6 10. Be3 c4 11. Ng5 Bxe2 12. Qxe2 Be7 13. Qh5 Bxg5 14. Qxg5 0-0 15. Rab1 Qc7 16. f4 Ne7 17. g4 f5 18. exf6 Rxf6 19. Qe5 Qd7 20. g5 Rf5 0-1

[Event "NOR-chT Elite 2223"]
[Site "Norway"]
[Date "2023.03.05"]
[Round "9.32"]
[White "Sahl, Bjarke"]
[Black "Oye Stromberg, Alexander"]
[Result "0-1"]
[WhiteElo "2247"]
[BlackElo "2252"]
[PlyCount "114"]
[EventDate "2022.11.11"]
[EventType "team-tourn"]
[EventRounds "9"]
[EventCountry "NOR"]
[SourceTitle "CBM 213 Extra"]
[Source "ChessBase"]
[SourceDate "2023.05.31"]
[SourceVersion "1"]
[SourceVersionDate "2023.05.31"]
[SourceQuality "1"]
[WhiteTeam "Asker"]
[BlackTeam "Hell"]
[WhiteTeamCountry "NOR"]
[BlackTeamCountry "NOR"]

1. e4 c5 2. Nf3 d6 3. d4 cxd4 4. Nxd4 Nf6 5. Nc3 Nc6 6. Bc4 Qb6 7. Nxc6 bxc6 8. Bb3 g6 9. Bg5 Bg7 10. Qd2 0-0 11. Bh6 Bxh6 12. Qxh6 Qxf2+ 13. Kxf2 Ng4+ 14. Kg3 Nxh6 15. h3 Kg7 16. Rhe1 e5 17. Rad1 Rd8 18. Rd2 Kf6 19. Kh2 Ke7 20. g4 f6 21. Na4 Be6 22. c4 c5 23. Nc3 a6 24. Rf2 Rf8 25. Rg1 Rab8 26. Nd1 Nf7 27. Rgf1 Nh8 28. Ne3 g5 29. Ba4 Ng6 30. Bc6 Nf4 31. Bd5 Bd7 32. Kg3 h5 33. Rh2 Rh8 34. Rfh1 Rh7 35. b3 Rbh8 36. h4 hxg4 37. hxg5 Rh3+ 38. Rxh3 gxh3 39. gxf6+ Kxf6 40. Kh2 Rh7 41. a3 a5 42. Rb1 Rg7 43. Rf1 Kg5 44. Rg1+ Kh6 45. Rxg7 Kxg7 46. Nd1 Kf6 47. Nc3 Nd3 48. Bb7 Kg5 49. Nb5 Nc1 50. Nxd6 Nxb3 51. Kg3 Nd2 52. Nf7+ Kf6 53. Nd6 Nf1+ 54. Kf2 h2 55. Kg2 Bh3+ 56. Kh1 Bg4 57. Bc8 Bf3# 0-1

[Event "Copenhagen CC IM"]
[Site "Ballerup"]
[Date "2022.05.25"]
[Round "1"]
[White "Sahl, Bjarke"]
[Black "Kenneskog, Theodor"]
[Result "1/2-1/2"]
[WhiteElo "2312"]
[BlackElo "2296"]
[PlyCount "120"]
[EventDate "2022.05.25"]
[EventType "tourn"]
[EventRounds "9"]
[EventCountry "DEN"]
[EventCategory "2"]
[SourceTitle "CBM 208 Extra"]
[Source "ChessBase"]
[SourceDate "2022.07.31"]
[SourceVersion "1"]
[SourceVersionDate "2022.07.31"]
[SourceQuality "1"]

1. e4 c5 2. Nf3 d6 3. d4 cxd4 4. Nxd4 Nf6 5. Nc3 a6 6. Be2 e5 7. Nb3 Be7 8. f4 0-0 9. 0-0 b5 10. Kh1 Bb7 11. Bf3 Nbd7 12. a3 Rc8 13. Qe2 Re8 14. Bd2 Bf8 15. Rad1 Qc7 16. Rfe1 exf4 17. Bxf4 Ne5 18. Bg5 Nfd7 19. Bg4 Nxg4 20. Qxg4 Ne5 21. Qg3 Nc4 22. Bc1 Nxa3 23. Nd4 g6 24. Bd2 Nc4 25. Bc1 Bg7 26. Nd5 Bxd5 27. exd5 Nb6 28. c3 Rxe1+ 29. Qxe1 Qd7 30. Nf3 Re8 31. Qf2 Qb7 32. Bf4 Rd8 33. Qh4 f6 34. Be3 Nc4 35. Bc1 Re8 36. b3 Ne5 37. Nxe5 Rxe5 38. c4 bxc4 39. Qxc4 Qb5 40. Bf4 Qxc4 41. bxc4 Re4 42. Bxd6 Rxc4 43. Be7 Rc7 44. d6 Rd7 45. Ra1 Kf7 46. Rxa6 Bf8 47. Bxf8 Kxf8 48. h4 Kf7 49. g4 Ke6 50. Kg2 Rxd6 51. Ra7 Rd7 52. Ra5 Rd4 53. Kf3 h6 54. Ra6+ Ke5 55. Ra5+ Rd5 56. Ra3 h5 57. Re3+ Kd6 58. gxh5 Rxh5 59. Re4 Rf5+ 60. Kg3 Rh5 1/2-1/2

[Event "Kvisla"]
[Site "Kvisla"]
[Date "2022.05.09"]
[Round "9"]
[White "Abdrlauf, Elham"]
[Black "Sahl, Bjarke"]
[Result "1-0"]
[WhiteElo "2455"]
[BlackElo "2312"]
[PlyCount "39"]
[EventDate "2022.05.03"]
[EventType "tourn"]
[EventRounds "9"]
[EventCountry "NOR"]
[EventCategory "6"]
[SourceTitle "CBM 208 Extra"]
[Source "ChessBase"]
[SourceDate "2022.07.31"]
[SourceVersion "1"]
[SourceVersionDate "2022.07.31"]
[SourceQuality "1"]

1. e4 c5 2. Nf3 Nc6 3. d4 cxd4 4. Nxd4 Nf6 5. Nc3 e5 6. Nde2 b5 7. Bg5 Rb8 8. Ng3 Be7 9. Nf5 0-0 10. Nxe7+ Nxe7 11. Bxf6 gxf6 12. Bd3 d5 13. Nxd5 Nxd5 14. exd5 e4 15. Bxe4 Re8 16. Qf3 f5 17. Qg3+ Kh8 18. 0-0-0 Rb6 19. Qc3+ Kg8 20. Bf3 1-0

[Event "Kvisla"]
[Site "Kvisla"]
[Date "2022.05.05"]
[Round "3"]
[White "Sahl, Bjarke"]
[Black "Vestby Ellingsen, Mads"]
[Result "0-1"]
[WhiteElo "2312"]
[BlackElo "2371"]
[PlyCount "72"]
[EventDate "2022.05.03"]
[EventType "tourn"]
[EventRounds "9"]
[EventCountry "NOR"]
[EventCategory "6"]
[SourceTitle "CBM 208 Extra"]
[Source "ChessBase"]
[SourceDate "2022.07.31"]
[SourceVersion "1"]
[SourceVersionDate "2022.07.31"]
[SourceQuality "1"]

1. d4 Nf6 2. c4 e6 3. Nc3 Bb4 4. Nf3 d5 5. g3 0-0 6. Bg2 dxc4 7. 0-0 Nc6 8. Bf4 Rb8 9. Qc2 b5 10. Rad1 Bxc3 11. bxc3 Nd5 12. Ng5 g6 13. Ne4 Nxf4 14. gxf4 Ne7 15. Nc5 Nd5 16. Qd2 Qh4 17. e3 Kh8 18. Kh1 a5 19. a3 Rg8 20. Rg1 Nf6 21. Bf3 Nd7 22. Rg5 h6 23. Nxd7 Bxd7 24. Rc5 c6 25. Rg1 Qe7 26. Rg3 g5 27. e4 f6 28. fxg5 hxg5 29. Bg2 e5 30. Qe3 exd4 31. Qxd4 Rbd8 32. e5 Bc8 33. Qe3 Rd3 34. Qe2 Qxc5 35. Be4 Rxg3 36. Qh5+ Kg7 0-1

[Event "NOR-chT Elite 2122"]
[Site "Norway"]
[Date "2021.10.29"]
[Round "1.1"]
[White "Sahl, Bjarke"]
[Black "Galchenko, Matvey"]
[Result "0-1"]
[WhiteElo "2309"]
[BlackElo "2437"]
[PlyCount "50"]
[EventDate "2021.10.28"]
[EventType "team-tourn"]
[EventRounds "9"]
[EventCountry "NOR"]
[SourceTitle "CBM 204 Extra"]
[Source "ChessBase"]
[SourceDate "2021.11.30"]
[SourceVersion "1"]
[SourceVersionDate "2021.11.30"]
[SourceQuality "1"]
[WhiteTeam "Asker"]
[BlackTeam "Alta"]
[WhiteTeamCountry "NOR"]
[BlackTeamCountry "NOR"]

1. Nf3 Nf6 2. c4 e6 3. g3 d5 4. Bg2 dxc4 5. 0-0 c6 6. Na3 b5 7. b3 cxb3 8. axb3 Bb7 9. Bb2 Nbd7 10. Qb1 a6 11. b4 c5 12. bxc5 Bxc5 13. d3 0-0 14. e4 Re8 15. Nd2 e5 16. Nf3 Rc8 17. Bh3 Qb6 18. Ra2 Rcd8 19. Qa1 Qd6 20. Rd1 Nf8 21. Nxe5 Nxe4 22. Rf1 Nc3 23. Bg2 Bxg2 24. Bxc3 Bxf1 25. Kxf1 Qd5 0-1

[Event "Kvisla"]
[Site "Kvisla"]
[Date "2021.09.05"]
[Round "9"]
[White "Carlsson, Ludvig"]
[Black "Sahl, Bjarke"]
[Result "1-0"]
[WhiteElo "2396"]
[BlackElo "2335"]
[PlyCount "49"]
[EventDate "2021.08.26"]
[EventType "tourn"]
[EventRounds "9"]
[EventCountry "NOR"]
[EventCategory "1"]
[SourceTitle "CBM 204 Extra"]
[Source "ChessBase"]
[SourceDate "2021.11.30"]
[SourceVersion "1"]
[SourceVersionDate "2021.11.30"]
[SourceQuality "1"]

1. e4 c6 2. Nf3 d5 3. d3 g6 4. e5 c5 5. c3 Nc6 6. d4 Bg4 7. Bb5 Qb6 8. Bxc6+ bxc6 9. Nbd2 cxd4 10. cxd4 Nh6 11. 0-0 Bg7 12. h3 Bxf3 13. Nxf3 0-0 14. b3 f6 15. Ba3 fxe5 16. Bxe7 Rxf3 17. Bc5 Qb5 18. Qxf3 exd4 19. Rac1 Nf7 20. a4 Qa6 21. Rfd1 Ne5 22. Qg3 d3 23. Bd4 Re8 24. Bxe5 Rxe5 25. Rxd3 1-0

[Event "Kvisla"]
[Site "Kvisla"]
[Date "2021.09.02"]
[Round "5"]
[White "Unneland, Mathias"]
[Black "Sahl, Bjarke"]
[Result "1/2-1/2"]
[WhiteElo "2207"]
[BlackElo "2335"]
[PlyCount "115"]
[EventDate "2021.08.26"]
[EventType "tourn"]
[EventRounds "9"]
[EventCountry "NOR"]
[EventCategory "1"]
[SourceTitle "CBM 204 Extra"]
[Source "ChessBase"]
[SourceDate "2021.11.30"]
[SourceVersion "1"]
[SourceVersionDate "2021.11.30"]
[SourceQuality "1"]

1. d4 Nf6 2. c4 e6 3. Nf3 Bb4+ 4. Bd2 a5 5. g3 0-0 6. Bg2 d5 7. Qc2 Nc6 8. 0-0 h6 9. a3 Be7 10. Rd1 Bd7 11. cxd5 exd5 12. Nc3 Qc8 13. Bf4 Bf5 14. Qb3 a4 15. Nxa4 Na5 16. Qe3 Re8 17. Rac1 Nc4 18. Qb3 Rxa4 19. Qxa4 Nxb2 20. Qb3 Nxd1 21. Rxc7 Qe6 22. Qxd1 Bxa3 23. Qb3 Bd6 24. Bxd6 Qxd6 25. Qxb7 Be6 26. Ne5 Qa3 27. Qb1 Ra8 28. Rb7 Ne8 29. Bf1 Qc3 30. Qd3 Qxd3 31. Nxd3 Ra1 32. Nf4 Nd6 33. Rb8+ Kh7 34. Nxe6 fxe6 35. e3 Ne4 36. Rb2 Kg6 37. Kg2 Kf6 38. Bd3 Nd6 39. Rd2 Ra3 40. h4 Rc3 41. g4 g5 42. h5 e5 43. dxe5+ Kxe5 44. Bg6 Nc4 45. Rd4 Nd6 46. Kg3 Rc4 47. Rd1 Rc3 48. Kf3 Ra3 49. Kg3 Rc3 50. Rd3 Rc4 51. f4+ gxf4+ 52. exf4+ Rxf4 53. Rxd5+ Kxd5 54. Kxf4 Ke6 55. g5 hxg5+ 56. Kxg5 Nf7+ 57. Bxf7+ Kxf7 58. h6 1/2-1/2

[Event "Kvisla"]
[Site "Kvisla"]
[Date "2021.08.29"]
[Round "4"]
[White "Sahl, Bjarke"]
[Black "Torngren, Gustav"]
[Result "1-0"]
[WhiteElo "2335"]
[BlackElo "2169"]
[PlyCount "87"]
[EventDate "2021.08.26"]
[EventType "tourn"]
[EventRounds "9"]
[EventCountry "NOR"]
[EventCategory "1"]
[SourceTitle "CBM 204 Extra"]
[Source "ChessBase"]
[SourceDate "2021.11.30"]
[SourceVersion "1"]
[SourceVersionDate "2021.11.30"]
[SourceQuality "1"]

1. d4 d5 2. c4 dxc4 3. Nc3 a6 4. a4 Nc6 5. Nf3 Nf6 6. e3 Na5 7. Ne5 Be6 8. Be2 g6 9. e4 c6 10. Be3 Bg7 11. 0-0 0-0 12. f4 b5 13. Bf3 Bc8 14. axb5 cxb5 15. Rxa5 Qxa5 16. Nc6 Qc7 17. e5 Bb7 18. exf6 exf6 19. d5 Rfe8 20. Qd4 f5 21. Qb6 Qd7 22. Ne5 Rxe5 23. fxe5 Bxe5 24. Bd4 f6 25. Rd1 Re8 26. h4 Ba8 27. Qxa6 b4 28. Qb5 Bxd4+ 29. Rxd4 Qe7 30. Ne2 c3 31. bxc3 bxc3 32. Qc4 Qe3+ 33. Kh1 Qf2 34. Qxc3 Re3 35. Qd2 f4 36. Rxf4 g5 37. hxg5 fxg5 38. Rd4 Qf1+ 39. Kh2 Rxf3 40. Qxg5+ Kh8 41. Qe5+ Rf6 42. Rf4 Qe1 43. Qxf6+ Kg8 44. Qf8# 1-0

[Event "Kvisla"]
[Site "Kvisla"]
[Date "2021.08.29"]
[Round "3"]
[White "Sahl, Bjarke"]
[Black "Urkedal, Frode Olav Olsen"]
[Result "0-1"]
[WhiteElo "2335"]
[BlackElo "2563"]
[PlyCount "35"]
[EventDate "2021.08.26"]
[EventType "tourn"]
[EventRounds "9"]
[EventCountry "NOR"]
[EventCategory "1"]
[SourceTitle "CBM 204 Extra"]
[Source "ChessBase"]
[SourceDate "2021.11.30"]
[SourceVersion "1"]
[SourceVersionDate "2021.11.30"]
[SourceQuality "1"]

1. c4 Nf6 2. Nc3 e5 3. Nf3 Nc6 4. e4 Bc5 5. Nxe5 Nxe5 6. d4 Bb4 7. dxe5 Nxe4 8. Qf3 Nxc3 9. bxc3 Be7 10. Bf4 d6 11. Rd1 Qd7 12. Be2 0-0 13. 0-0 Qa4 14. Rfe1 dxe5 15. Bxe5 Bd6 16. Bd4 Re8 17. c5 Bf8 18. Bc4 0-1

[Event "Kvisla"]
[Site "Kvisla"]
[Date "2021.08.26"]
[Round "1"]
[White "Sahl, Bjarke"]
[Black "Ramirez Garrastacho, Manuel"]
[Result "0-1"]
[WhiteElo "2335"]
[BlackElo "2168"]
[PlyCount "94"]
[EventDate "2021.08.26"]
[EventType "tourn"]
[EventRounds "9"]
[EventCountry "NOR"]
[EventCategory "1"]
[SourceTitle "CBM 204 Extra"]
[Source "ChessBase"]
[SourceDate "2021.11.30"]
[SourceVersion "1"]
[SourceVersionDate "2021.11.30"]
[SourceQuality "1"]

1. c4 Nf6 2. Nc3 g6 3. d4 Bg7 4. e4 0-0 5. f3 Nc6 6. Nge2 e5 7. Be3 exd4 8. Nxd4 Nxd4 9. Bxd4 d6 10. Be2 Be6 11. 0-0 c6 12. f4 Qe7 13. f5 Bd7 14. Qd3 c5 15. Nd5 Nxd5 16. Bxg7 Kxg7 17. Qxd5 gxf5 18. Rad1 fxe4 19. Qxd6 Qxd6 20. Rxd6 Bc6 21. Rf5 Rad8 22. Rg5+ Kh8 23. Rxd8 Rxd8 24. Bh5 f6 25. Rxc5 Rd2 26. Kf1 Rxb2 27. Be8 Rb6 28. Bxc6 Rxc6 29. Ra5 a6 30. c5 Kg7 31. Ke2 f5 32. Ke3 Kf6 33. Kf4 h6 34. Ra3 Rxc5 35. Rh3 Kg7 36. Rg3+ Kh7 37. h4 a5 38. Rb3 b5 39. Rg3 b4 40. h5 a4 41. Rg6 Rb5 42. Ra6 b3 43. axb3 axb3 44. Ra1 b2 45. Rb1 Kg7 46. g4 Kf6 47. gxf5 Rb4 0-1

[Event "Copenhagen CC IM"]
[Site "Ballerup"]
[Date "2021.08.08"]
[Round "9"]
[White "Brondt, Nicolai Kvist"]
[Black "Sahl, Bjarke"]
[Result "1/2-1/2"]
[WhiteElo "2270"]
[BlackElo "2335"]
[PlyCount "122"]
[EventDate "2021.08.04"]
[EventType "tourn"]
[EventRounds "9"]
[EventCountry "DEN"]
[EventCategory "2"]
[SourceTitle "CBM 203 Extra"]
[Source "ChessBase"]
[SourceDate "2021.09.30"]
[SourceVersion "1"]
[SourceVersionDate "2021.09.30"]
[SourceQuality "1"]

1. d4 Nf6 2. c4 e6 3. Nf3 d5 4. g3 Bb4+ 5. Bd2 c5 6. Bg2 Nc6 7. Bxb4 cxb4 8. Nbd2 0-0 9. 0-0 Ne4 10. Nxe4 dxe4 11. Ne5 Nxd4 12. Bxe4 f6 13. Nf3 Nc6 14. Qxd8 Rxd8 15. Rfd1 Re8 16. Bxc6 bxc6 17. Rd6 e5 18. Rad1 c5 19. Rc6 e4 20. Ne1 Be6 21. b3 Kf7 22. Rc7+ Kf8 23. Ng2 Rad8 24. Rxd8 Rxd8 25. Nf4 Bf7 26. Rxc5 Rd2 27. Rc8+ Ke7 28. Rc7+ Ke8 29. Rxa7 g5 30. Nd5 Bxd5 31. cxd5 Rxe2 32. g4 Re1+ 33. Kg2 e3 34. fxe3 Rxe3 35. Rxh7 Rd3 36. Rb7 Rxd5 37. Rxb4 Rd2+ 38. Kg3 Rxa2 39. Re4+ Kf7 40. Re3 Rb2 41. h3 Kg6 42. Rc3 f5 43. gxf5+ Kxf5 44. Kf3 Kg6 45. Ke4 Kh5 46. Kf5 Rf2+ 47. Ke5 Rb2 48. Rf3 Rb1 49. Kd4 Kh4 50. Ke4 Rb2 51. Rd3 Rb1 52. Kd5 Rh1 53. b4 Rxh3 54. Rxh3+ Kxh3 55. b5 g4 56. b6 g3 57. b7 g2 58. b8Q g1Q 59. Qh8+ Kg2 60. Qg7+ Kh1 61. Qxg1+ Kxg1 1/2-1/2

[Event "Copenhagen CC IM"]
[Site "Ballerup"]
[Date "2021.08.06"]
[Round "5"]
[White "Jepson, Christian"]
[Black "Sahl, Bjarke"]
[Result "1/2-1/2"]
[WhiteElo "2389"]
[BlackElo "2335"]
[PlyCount "61"]
[EventDate "2021.08.04"]
[EventType "tourn"]
[EventRounds "9"]
[EventCountry "DEN"]
[EventCategory "2"]
[SourceTitle "CBM 203 Extra"]
[Source "ChessBase"]
[SourceDate "2021.09.30"]
[SourceVersion "1"]
[SourceVersionDate "2021.09.30"]
[SourceQuality "1"]

1. Nf3 c5 2. c4 Nc6 3. b3 Nf6 4. g3 g6 5. Bb2 Bg7 6. Bg2 d5 7. 0-0 d4 8. e3 0-0 9. exd4 cxd4 10. a3 a5 11. b4 axb4 12. axb4 Rxa1 13. Bxa1 Nxb4 14. Bxd4 Nc6 15. Bc3 Qd3 16. Na3 e5 17. Qb1 Qd6 18. Nb5 Qc5 19. Nxe5 Nxe5 20. d4 Nf3+ 21. Bxf3 Qxc4 22. d5 Bd7 23. Bxf6 Bxf6 24. Nd6 Qc7 25. Ne4 Bg7 26. d6 Qb8 27. Nc5 Qxd6 28. Nxd7 Qxd7 29. Qxb7 Qxb7 30. Bxb7 Rb8 31. Rb1 1/2-1/2

[Event "Copenhagen CC IM"]
[Site "Ballerup"]
[Date "2021.08.05"]
[Round "3"]
[White "Akdag, Dara Sevkan"]
[Black "Sahl, Bjarke"]
[Result "1-0"]
[WhiteElo "2231"]
[BlackElo "2335"]
[PlyCount "87"]
[EventDate "2021.08.04"]
[EventType "tourn"]
[EventRounds "9"]
[EventCountry "DEN"]
[EventCategory "2"]
[SourceTitle "CBM 203 Extra"]
[Source "ChessBase"]
[SourceDate "2021.09.30"]
[SourceVersion "1"]
[SourceVersionDate "2021.09.30"]
[SourceQuality "1"]

1. f4 d5 2. Nf3 c5 3. g3 Nc6 4. Bg2 Nf6 5. 0-0 g6 6. d3 Bg7 7. c3 0-0 8. Na3 b6 9. Qe1 Ba6 10. Rb1 b5 11. Nc2 Bb7 12. h3 c4 13. Ncd4 Nxd4 14. Nxd4 Nd7 15. Nxb5 Qb6+ 16. Nd4 cxd3 17. exd3 e5 18. fxe5 Nxe5 19. Be3 Qa6 20. Qd2 Nxd3 21. Bh6 Ne5 22. Bxg7 Kxg7 23. Nb3 Qb6+ 24. Kh2 Rad8 25. Rf4 Rd6 26. Rb4 Qc7 27. Qd4 Rb6 28. Nc5 Rxb4 29. Qxb4 Bc8 30. Qd4 f6 31. Rf1 Rd8 32. b4 Rd6 33. Rd1 h5 34. Nd3 Nf7 35. Nf4 h4 36. gxh4 Rc6 37. Bxd5 Rxc3 38. Kg1 Ne5 39. Ne2 Rc4 40. Qf2 Rxb4 41. h5 Bxh3 42. h6+ Kh7 43. Qxf6 Ng4 44. Bg8+ 1-0

[Event "Titled Tuesday intern op 11th Aug"]
[Site "Chess.com INT"]
[Date "2020.08.11"]
[Round "1"]
[White "Sahl, Bjarke"]
[Black "Skatchkov, Valery"]
[Result "0-1"]
[WhiteElo "2331"]
[BlackElo "2242"]
[PlyCount "88"]
[EventDate "2020.08.11"]
[EventType "swiss (blitz)"]
[EventRounds "10"]
[EventCountry "USA"]
[SourceTitle "CBM 197 Extra"]
[Source "ChessBase"]
[SourceDate "2020.09.30"]
[SourceVersion "1"]
[SourceVersionDate "2020.09.30"]
[SourceQuality "1"]

1. e4 e5 2. Nf3 Nf6 3. Nxe5 d6 4. Nf3 Nxe4 5. Nc3 Nxc3 6. dxc3 Be7 7. Be3 0-0 8. Qd2 Nd7 9. 0-0-0 Nf6 10. Bd3 c5 11. h3 Be6 12. a3 c4 13. Be2 Ne4 14. Qd4 d5 15. Bxc4 Bf6 16. Qxe4 dxe4 17. Rxd8 Rfxd8 18. Nd2 Bxc4 19. Nxc4 b6 20. Nd2 Re8 21. g4 Rad8 22. h4 g6 23. g5 Bg7 24. Rg1 Re6 25. Rg4 Rde8 26. a4 a6 27. Nb3 f6 28. gxf6 Rxf6 29. a5 bxa5 30. Nxa5 Rf3 31. Nb3 Rh3 32. Kd1 Bf6 33. Nc5 Rxh4 34. Rxh4 Bxh4 35. Nxa6 Bf6 36. Nb4 h5 37. Ke2 h4 38. Kf1 h3 39. Kg1 Be5 40. Nc6 Bc7 41. Nd4 Ra8 42. Ne2 Ra1+ 43. Nc1 Rb1 44. b4 Kf7 0-1

[Event "NOR-chT Elite 1920"]
[Site "Norway"]
[Date "2020.01.19"]
[Round "6.1"]
[White "Machlik, Endre"]
[Black "Sahl, Bjarke"]
[Result "1-0"]
[WhiteElo "2105"]
[BlackElo "2328"]
[PlyCount "97"]
[EventDate "2019.11.01"]
[EventType "team-tourn"]
[EventRounds "9"]
[EventCountry "NOR"]
[SourceTitle "CBM 195 Extra"]
[Source "ChessBase"]
[SourceDate "2020.05.31"]
[SourceVersion "1"]
[SourceVersionDate "2020.05.31"]
[SourceQuality "1"]
[WhiteTeam "Tromsoe"]
[BlackTeam "Asker"]
[WhiteTeamCountry "NOR"]
[BlackTeamCountry "NOR"]

1. d4 Nf6 2. c4 e6 3. Nc3 d5 4. Nf3 Be7 5. Bf4 a6 6. e3 0-0 7. c5 b6 8. cxb6 cxb6 9. Bd3 Nc6 10. 0-0 Bb7 11. h3 b5 12. a4 b4 13. Nb1 Ne4 14. Nbd2 f5 15. Rc1 Rc8 16. Qe2 Qb6 17. Nb3 Na5 18. Nxa5 Qxa5 19. Ne5 Nf6 20. g4 g6 21. Kh2 Qxa4 22. gxf5 exf5 23. Bxf5 Qe8 24. Bxc8 Bxc8 25. Bh6 Rf7 26. Nxf7 Kxf7 27. Bf4 Qd7 28. Qf3 Qf5 29. Qg2 Ne4 30. Rc7 g5 31. f3 Nd2 32. Bd6 Nxf1+ 33. Qxf1 Bd7 34. Bxe7 Kxe7 35. Qg2 Kd8 36. Rc5 h5 37. Qg3 h4 38. Qc7+ Ke7 39. Qe5+ Qxe5+ 40. dxe5 Ke6 41. f4 gxf4 42. exf4 d4 43. Kg2 Kf5 44. Kf3 Be6 45. Ra5 Bc4 46. e6+ Kxe6 47. Ke4 Bf1 48. Kxd4 Bxh3 49. Rh5 1-0